Football 10 meilleurs joueurs/joueuses fc26 par note - Statistiques

Statistiques générales
  • Ce quiz a été pris 145 fois
  • Le résultat moyen est 6 sur 10
Statistiques - réponses
Hint Réponse % Correct
91 Mbappe
98%
90 Dembelé
84%
90 Haaland
71%
91 Salah
63%
91 Putellas
55%
90 Bellingham
53%
91 Bonmati
52%
90 Rodri
51%
90 Van dijk
39%
90 Hansen
19%
Aucun quiz correspondant
Distribution des résultats
% des personnes avec chaque résultat
Percentile par nombre de réponses
Votre historique - résultats
Vous n’avez pas pris ce quiz